000
00325nam a2200145 4500
003
OSt
008
250128b |||||||| |||| 00| 0 eng d
100
_a
GUPTA, S.
245
_a
Artificial Intelligence
250
_a
Rep
260
_a
New Delhi
_b
Shubham Publisher
_c
2014
300
_a
464
650
_a
IT
942
_2
ddc
_c
BK
999
_c
13030
_d
13030